000 00896nam a2200229 i 4500
001 137407
003 ES-MaACL
005 20231228203845.0
007 t|
008 070214s1967 ag |||| | spa d
080 _a946"07/11"(093.3)
100 1 _aSánchez-Albornoz, Claudio,
_d1893-1984
_9102440
245 1 0 _aInvestigaciones sobre historiografía hispana medieval
_b: (siglos VIII al XII) /
_cClaudio Sánchez-Albornoz.
260 _aBuenos Aires :
_bInstituto de Historia de España,
_c1967.
300 _a418 p. ;
_c26 cm.
594 _aPrecede al tít.: Universidad de Buenos Aires, Facultad de Filosofía y Letras.
650 4 _aHistoriografía-
_zEspaña-
_yS.V-XV.
_9153136
651 4 _aEspaña-
_vHistoriografía.
_98377
710 2 _aUniversidad de Buenos Aires.
_bInstituto de Historia de España.
_9162611
852 _aES-MaACL
_jC-35695
999 _c137407
_d137407